| 000 | 00775nam a22003010a 4500 | ||
|---|---|---|---|
| 001 | PT45299 | ||
| 003 | AR-LpoUNG | ||
| 005 | 20210131231043.0 | ||
| 008 | 191001s2006||||it |||||||||||||||||spa d | ||
| 020 |
_a8484645134 _c$13,09 |
||
| 040 |
_aAR-LpoUNG _bspa _cAR-LpoUNG _eaacr |
||
| 041 | _aspa | ||
| 044 | _ait | ||
| 082 | 0 | _a808.068 3 532abu | |
| 100 | 1 | _aHeras, Chema | |
| 245 | 1 | 0 | _aAbuelos |
| 250 | _a2da. ed. | ||
| 260 |
_aPontevedra : _bKalandraka, _c2006. |
||
| 300 |
_a[18] p. : _bil. |
||
| 505 | 0 | _aSugerido a partir de 6 aƱos (etiqueta AMARILLA) | |
| 650 | 4 | _aCUENTOS | |
| 650 | 4 | _aLITERATURA | |
| 651 | 4 | _aDOCUMENTOS TEORICOS O METODOLOGICOS | |
| 653 | _aLITERATURA INFANTIL | ||
| 700 | 1 |
_aOsuna, Rosa _eil. |
|
| 905 | _a45299 | ||
| 942 | _cLIB | ||
| 999 |
_c7710 _d7710 |
||